| 000 | 00644nam a2200217 i 4500 | ||
|---|---|---|---|
| 999 |
_c47837 _d47837 |
||
| 001 | BINCO | ||
| 003 | CO-MdBIC | ||
| 005 | 20200320151622.0 | ||
| 008 | 200320b ||||| |||| 00| 0 eng d | ||
| 020 | _a0-19-916883-0 | ||
| 040 |
_aCO-MdBIC _bspa. _cCO-MdBIC _dCO-MdBIC |
||
| 041 | _aeng | ||
| 082 | 0 | 4 |
_a813C _222 _bH91s |
| 100 | 1 |
_aHunt, Roderick _tA sinking feeling |
|
| 245 | 1 | 0 |
_aA sinking feeling _c/ Roderick Hunt. il. : Alex Brychta |
| 264 |
_aOxford : _bUniversity Press ; _c©1995 |
||
| 300 |
_a[16 páginas] : _bilustraciones a color , _c16 cm. |
||
| 490 | _aOXFORD READING TREE | ||
| 650 | 1 | 4 | _aLiteratura Infantil |
| 942 | _cLGB | ||